Statistics for Call of Duty Characters

Click here to take the quiz!

General Stats

  • This quiz has been taken 36 times
  • The average score is 5 of 16

Answer Stats

Answer% Correct
Captain Price
100%
Ghost
100%
Soap
97%
Adler
62%
David Mason
24%
Alex Mason
15%
Outrider
15%
Reaper
15%
Mara
12%
Spec Ops 1
12%
Templar
9%
Tengu
9%
Manta Ray
6%
Urban Tracker
6%
Artery
3%
Scarlett Rhodes
3%

Score Distribution

Percentile by Number Answered

Percent of People with Each Score

Your Score History

You have not taken this quiz